[Event "Krefeld op"]
[Site "Krefeld"]
[Date "2022.08.08"]
[Round "9"]
[White "Direk, Oguzhan"]
[Black "Evans, David K"]
[Result "0-1"]
[WhiteElo "1503"]
[BlackElo "2160"]
[PlyCount "93"]
[EventDate "2022.08.04"]
[EventType "swiss"]
[EventRounds "9"]
[EventCountry "GER"]
[SourceTitle "CBM 209 Extra"]
[Source "ChessBase"]
[SourceDate "2022.09.30"]
[SourceVersion "1"]
[SourceVersionDate "2022.09.30"]
[SourceQuality "1"]

1. d4 d5 2. Nc3 Nf6 3. Bf4 a6 4. e3 Bf5 5. f3 e6 6. g4 Bg6 7. h4 h6 8. Bd3 Bb4 9. Bxg6 fxg6 10. Nge2 Nc6 11. Qd3 Ne7 12. 0-0-0 Qd7 13. g5 hxg5 14. hxg5 Rxh1 15. Rxh1 Nfg8 16. Rh7 Nf5 17. e4 Bxc3 18. Nxc3 dxe4 19. fxe4 Nxd4 20. Be5 0-0-0 21. Rxg7 Ne7 22. Bxd4 Qe8 23. Rxe7 Qxe7 24. Bf6 Rxd3 25. Bxe7 Rh3 26. Kd2 Kd7 27. Bf6 b5 28. Ne2 c5 29. e5 Rf3 30. b3 b4 31. c3 a5 32. cxb4 axb4 33. Nc1 Kc6 34. Nd3 Rh3 35. Nf4 Rh2+ 36. Kd3 Rxa2 37. Nxg6 Kb5 38. Nf4 Rb2 39. g6 Rxb3+ 40. Ke4 Rg3 41. Ne2 Rxg6 42. Nf4 Rg4 43. Kf3 Rxf4+ 44. Kxf4 b3 45. Kg5 b2 46. Kg6 b1Q+ 47. Kf7 0-1

[Event "Krefeld op"]
[Site "Krefeld"]
[Date "2022.08.07"]
[Round "6"]
[White "Evans, David K"]
[Black "Luven, Thomas"]
[Result "0-1"]
[WhiteElo "2160"]
[BlackElo "1440"]
[PlyCount "48"]
[EventDate "2022.08.04"]
[EventType "swiss"]
[EventRounds "9"]
[EventCountry "GER"]
[SourceTitle "CBM 209 Extra"]
[Source "ChessBase"]
[SourceDate "2022.09.30"]
[SourceVersion "1"]
[SourceVersionDate "2022.09.30"]
[SourceQuality "1"]

1. e4 c5 2. Nf3 Nc6 3. Nc3 g6 4. Bc4 e6 5. 0-0 Bg7 6. d3 Nge7 7. Be3 Nd4 8. Rb1 a6 9. a3 b5 10. Ba2 Bb7 11. b4 Nxf3+ 12. Qxf3 Bxc3 13. Bxc5 d6 14. Be3 Nf5 15. Rbd1 Nd4 16. Qg4 Nxc2 17. Bg5 Bf6 18. Bh6 Rc8 19. Qf4 Be5 20. Qg4 Rg8 21. Bb3 Nd4 22. Ba2 Rc2 23. Bb1 Rc3 24. Bc1 h5 0-1

[Event "Krefeld op"]
[Site "Krefeld"]
[Date "2022.08.06"]
[Round "5"]
[White "Holzmann, Dagmar"]
[Black "Evans, David K"]
[Result "1-0"]
[WhiteElo "1578"]
[BlackElo "2160"]
[PlyCount "139"]
[EventDate "2022.08.04"]
[EventType "swiss"]
[EventRounds "9"]
[EventCountry "GER"]
[SourceTitle "CBM 209 Extra"]
[Source "ChessBase"]
[SourceDate "2022.09.30"]
[SourceVersion "1"]
[SourceVersionDate "2022.09.30"]
[SourceQuality "1"]

1. e4 e5 2. Nf3 Nc6 3. Bc4 Bc5 4. 0-0 Nf6 5. d3 h6 6. c3 d5 7. Bb5 dxe4 8. Nxe5 0-0 9. Nxc6 bxc6 10. Bxc6 Rb8 11. Bxe4 Nxe4 12. dxe4 Qf6 13. Be3 Bxe3 14. fxe3 Qe5 15. Qc2 Re8 16. Nd2 Bb7 17. Rf4 f6 18. Raf1 Qe6 19. b3 Re7 20. c4 Rf8 21. Nf3 g5 22. Nd4 Qe5 23. R4f2 c5 24. Nf5 Ree8 25. Nxh6+ Kg7 26. Ng4 Bxe4 27. Nxe5 Bxc2 28. Nd7 Rf7 29. Nxf6 Ref8 30. Rxc2 Rxf6 31. Rxf6 Rxf6 32. Rd2 Ra6 33. a4 Kf6 34. g4 Rb6 35. Rf2+ Kg6 36. Rb2 Kf6 37. Kf2 Ke5 38. Ke2 Ke4 39. h3 a5 40. Rb1 Rh6 41. Rh1 Rb6 42. h4 gxh4 43. Rxh4 Rxb3 44. g5+ Kf5 45. Rh5 Kg6 46. Rh6+ Kxg5 47. Rd6 Ra3 48. Rd5+ Kf6 49. Rxc5 Rxa4 50. Kd3 Ke6 51. Kd4 Kd6 52. e4 Ra1 53. Rd5+ Ke6 54. Re5+ Kd6 55. c5+ Kd7 56. Rd5+ Kc6 57. Rd6+ Kb5 58. Rb6+ Ka4 59. c6 Ka3 60. c7 Rc1 61. Rb7 a4 62. Kd5 Ka2 63. Kd6 Rd1+ 64. Ke7 Rc1 65. Kd8 Rd1+ 66. Kc8 a3 67. Kb8 Ka1 68. c8Q Rd8 69. Qxd8 a2 70. Qd1# 1-0

[Event "FICGS standard gold email"]
[Site "FICGS email"]
[Date "2012.12.24"]
[Round "1"]
[White "Evans, David K"]
[Black "Wosch, Arkadiusz Janusz"]
[Result "1/2-1/2"]
[WhiteElo "2159"]
[BlackElo "2129"]
[PlyCount "68"]
[EventDate "2012.??.??"]
[EventType "match (corr)"]
[EventRounds "2"]
[SourceTitle "Corr 2022"]
[Source "ChessBase"]
[SourceDate "2021.10.24"]
[SourceVersion "1"]
[SourceVersionDate "2021.10.24"]
[SourceQuality "1"]

1. d4 Nf6 2. c4 e6 3. Nf3 d5 4. Nc3 c6 5. Bg5 h6 6. Bh4 dxc4 7. e4 g5 8. Bg3 b5 9. Be2 Bb7 10. e5 Nd5 11. 0-0 Nd7 12. Nxd5 cxd5 13. Ne1 Bg7 14. f4 0-0 15. fxg5 hxg5 16. Nf3 Qe7 17. Qd2 f6 18. exf6 Bxf6 19. Qe3 Bc6 20. h3 b4 21. Nh2 Rae8 22. Bh5 Rc8 23. a3 e5 24. dxe5 bxa3 25. Rxf6 Nxf6 26. Qxg5+ Qg7 27. Qxg7+ Kxg7 28. exf6+ Kh6 29. Rxa3 Kxh5 30. Be5 Kg6 31. Nf3 Rxf6 32. Bxf6 Kxf6 33. Rxa7 Be8 34. Ra6+ Ke7 1/2-1/2

[Event "FICGS standard gold email"]
[Site "FICGS email"]
[Date "2012.12.24"]
[Round "2"]
[White "Wosch, Arkadiusz Janusz"]
[Black "Evans, David K"]
[Result "1/2-1/2"]
[WhiteElo "2129"]
[BlackElo "2159"]
[PlyCount "38"]
[EventDate "2012.??.??"]
[EventType "match (corr)"]
[EventRounds "2"]
[SourceTitle "Corr 2022"]
[Source "ChessBase"]
[SourceDate "2021.10.24"]
[SourceVersion "1"]
[SourceVersionDate "2021.10.24"]
[SourceQuality "1"]

1. e4 c5 2. Nf3 d6 3. d4 cxd4 4. Nxd4 Nf6 5. Nc3 a6 6. Be3 e5 7. Nb3 Be6 8. f3 h5 9. Qd2 Nbd7 10. 0-0-0 Be7 11. Kb1 b5 12. Nd5 Bxd5 13. exd5 Nb6 14. Bxb6 Qxb6 15. Na5 Rc8 16. c4 bxc4 17. Nxc4 Qa7 18. Na5 Rc5 19. Nc6 Qd7 1/2-1/2

[Event "FICGS W-ch st2 g05 email"]
[Site "FICGS email"]
[Date "2012.12.03"]
[Round "1"]
[White "Evans, David K"]
[Black "Ylonen, Olli"]
[Result "1/2-1/2"]
[WhiteElo "2159"]
[BlackElo "1780"]
[PlyCount "71"]
[EventDate "2012.??.??"]
[EventType "tourn (corr)"]
[EventRounds "8"]
[SourceTitle "Corr 2022"]
[Source "ChessBase"]
[SourceDate "2021.10.24"]
[SourceVersion "1"]
[SourceVersionDate "2021.10.24"]
[SourceQuality "1"]

1. e4 e5 2. Nf3 Nc6 3. Bb5 a6 4. Ba4 Nf6 5. 0-0 Be7 6. Re1 b5 7. Bb3 d6 8. c3 0-0 9. h3 Nb8 10. d4 Nbd7 11. c4 c6 12. Nc3 b4 13. Na4 c5 14. d5 Re8 15. Bc2 Nf8 16. a3 a5 17. b3 Ng6 18. Nb2 Bd7 19. Nd3 h6 20. Ra2 Qc8 21. Qe2 Bd8 22. Bd2 Be7 23. Nh2 Nh7 24. Nf3 Qb7 25. Rea1 Nf6 26. Bd1 Nh7 27. Bc1 Reb8 28. Qe1 Qc8 29. Be3 Nf6 30. Bc1 Nh7 31. Bd2 Bd8 32. Nh2 f5 33. Nf1 f4 34. Nh2 Nf6 35. Nf3 Bc7 36. Bc1 1/2-1/2

[Event "FICGS W-ch st2 g05 email"]
[Site "FICGS email"]
[Date "2012.12.03"]
[Round "1"]
[White "Germanes, Ramil"]
[Black "Evans, David K"]
[Result "1/2-1/2"]
[WhiteElo "2320"]
[BlackElo "2159"]
[PlyCount "69"]
[EventDate "2012.??.??"]
[EventType "tourn (corr)"]
[EventRounds "8"]
[SourceTitle "Corr 2022"]
[Source "ChessBase"]
[SourceDate "2021.10.24"]
[SourceVersion "1"]
[SourceVersionDate "2021.10.24"]
[SourceQuality "1"]

1. e4 c5 2. Nf3 d6 3. d4 cxd4 4. Nxd4 Nf6 5. Nc3 a6 6. Be3 e5 7. Nb3 Be6 8. f3 Be7 9. Qd2 0-0 10. 0-0-0 Nbd7 11. g4 b5 12. g5 b4 13. gxf6 bxc3 14. Qxc3 Nxf6 15. Na5 Rc8 16. Nc6 Qc7 17. Nxe7+ Qxe7 18. Qa5 Rc6 19. Kb1 Rfc8 20. Rd2 Nh5 21. Be2 Nf4 22. Bd1 Qf6 23. h4 h5 24. Ka1 Rb8 25. b3 Kh8 26. c4 Kg8 27. Qa3 Bd7 28. Rg1 Rb7 29. Bc2 Qxh4 30. Rxd6 Ng2 31. Rxg2 Qe1+ 32. Kb2 Qxe3 33. Rdd2 Re6 34. Rd3 Qf4 35. Rgd2 1/2-1/2

[Event "FICGS W-ch st2 g03 email"]
[Site "FICGS email"]
[Date "2012.01.12"]
[Round "1"]
[White "Evans, David K"]
[Black "Gazi, Miroslav"]
[Result "1/2-1/2"]
[WhiteElo "2132"]
[BlackElo "2271"]
[PlyCount "69"]
[EventDate "2012.??.??"]
[EventType "tourn (corr)"]
[EventRounds "8"]
[SourceTitle "Corr 2022"]
[Source "ChessBase"]
[SourceDate "2021.10.24"]
[SourceVersion "1"]
[SourceVersionDate "2021.10.24"]
[SourceQuality "1"]

1. e4 c5 2. Nf3 d6 3. d4 cxd4 4. Nxd4 Nf6 5. Nc3 a6 6. f3 e5 7. Nb3 Be6 8. Be3 h5 9. Qd2 Nbd7 10. Nd5 Bxd5 11. exd5 Qc7 12. c4 b6 13. Bd3 g6 14. 0-0 Bg7 15. Qf2 0-0 16. h3 Rfe8 17. Rac1 Rac8 18. Bb1 Nc5 19. Nxc5 bxc5 20. Bc2 Rb8 21. b3 Nh7 22. Bd2 Bf6 23. a3 Bg5 24. Bxg5 Nxg5 25. Qd2 Nh7 26. Rce1 f5 27. g4 hxg4 28. hxg4 Qg7 29. b4 Rec8 30. Bd3 Qf6 31. Kg2 Rc7 32. Rf2 f4 33. bxc5 Rxc5 34. Qc2 Kg7 35. Rb1 1/2-1/2

[Event "FICGS W-ch st2 g03 email"]
[Site "FICGS email"]
[Date "2012.01.12"]
[Round "1"]
[White "Evans, David K"]
[Black "Schutte, John"]
[Result "1/2-1/2"]
[WhiteElo "2132"]
[BlackElo "2191"]
[PlyCount "81"]
[EventDate "2012.??.??"]
[EventType "tourn (corr)"]
[EventRounds "8"]
[SourceTitle "Corr 2022"]
[Source "ChessBase"]
[SourceDate "2021.10.24"]
[SourceVersion "1"]
[SourceVersionDate "2021.10.24"]
[SourceQuality "1"]

1. e4 c5 2. Nf3 d6 3. d4 cxd4 4. Nxd4 Nf6 5. Nc3 a6 6. Be3 e5 7. Nb3 Be7 8. f3 Be6 9. a3 0-0 10. Qd2 Nbd7 11. 0-0-0 b5 12. g4 Nc5 13. Nxc5 dxc5 14. Nd5 Bxd5 15. exd5 Qd6 16. g5 Nh5 17. h4 c4 18. Bh3 Rab8 19. Qb4 Rfd8 20. Qxd6 Bxd6 21. c3 Nf4 22. Kc2 g6 23. Rd2 Kg7 24. Bg4 a5 25. Rhd1 Rb7 26. Bxf4 exf4 27. Re2 h5 28. gxh6+ Kxh6 29. h5 b4 30. axb4 axb4 31. hxg6 Kxg6 32. Rg1 Kf6 33. Rh2 b3+ 34. Kb1 Bc5 35. Rh6+ Ke7 36. Re1+ Be3 37. Rd1 Rd6 38. Rxd6 Kxd6 39. Bc8 Rc7 40. Ba6 f6 41. Bb5 1/2-1/2

[Event "NZL-ch Major op 112th"]
[Site "Wanganui"]
[Date "2005.01.03"]
[Round "3"]
[White "Evans, David K"]
[Black "Nyberg, Michael"]
[Result "0-1"]
[WhiteElo "2160"]
[BlackElo "1987"]
[PlyCount "84"]
[EventDate "2005.01.10"]
[EventType "swiss"]
[EventRounds "11"]
[EventCountry "NZL"]
[SourceTitle "EXT 2007"]
[Source "ChessBase"]
[SourceDate "2006.11.23"]
[SourceVersion "1"]
[SourceVersionDate "2006.11.23"]
[SourceQuality "1"]

1. e4 b6 2. d4 Bb7 3. Bd3 Nf6 4. Qe2 e6 5. Nf3 Bb4+ 6. c3 Be7 7. 0-0 d6 8. b3 Nbd7 9. Ba3 c5 10. Nbd2 Qc7 11. Rfe1 h6 12. h3 Nh5 13. g3 Nhf6 14. Rac1 e5 15. d5 a6 16. b4 Nf8 17. Nh4 g6 18. bxc5 bxc5 19. Nc4 N8h7 20. Rb1 Ng5 21. Kh2 Bc8 22. Nb6 Rb8 23. Nxc8 Rxb1 24. Nxd6+ Bxd6 25. Rxb1 Qc8 26. g4 0-0 27. Rb6 Qd7 28. f3 Nxd5 29. exd5 e4+ 30. Kg2 exd3 31. Qxd3 c4 32. Qxc4 Bxa3 33. f4 Nh7 34. f5 Rc8 35. Qb3 Qe7 36. fxg6 Qe2+ 37. Kh1 Qe1+ 38. Kg2 Qe4+ 39. Kf1 Qh1+ 40. Ke2 Re8+ 41. Kd3 Qe4+ 42. Kd2 Qe3+ 0-1

[Event "WLS-ch"]
[Site "Cardiff"]
[Date "1994.??.??"]
[Round "?"]
[White "Morris, Charles F"]
[Black "Evans, David K"]
[Result "0-1"]
[WhiteElo "2195"]
[BlackElo "1905"]
[PlyCount "74"]
[EventDate "1994.??.??"]
[EventType "swiss"]
[EventRounds "6"]
[EventCountry "WLS"]
[SourceTitle "EXT 2000"]
[Source "ChessBase"]
[SourceDate "1999.11.16"]
[SourceVersion "1"]
[SourceVersionDate "1999.11.16"]
[SourceQuality "1"]

1. d4 Nf6 2. c4 d6 3. Nc3 e5 4. Nf3 Nbd7 5. g3 Be7 6. Bg2 0-0 7. 0-0 Re8 8. b3 c6 9. Qc2 Bf8 10. dxe5 dxe5 11. Ng5 Qc7 12. Bb2 g6 13. Rad1 Nc5 14. b4 Na6 15. a3 Bf5 16. Be4 Nxe4 17. Ngxe4 Red8 18. g4 Bxe4 19. Nxe4 Bg7 20. g5 Qe7 21. f4 Rxd1 22. Rxd1 Qe6 23. Kh1 Nc7 24. Rd6 Qh3 25. Qd1 Ne6 26. fxe5 Qf5 27. Nf6+ Kh8 28. e4 Qxg5 29. Qf3 Qh4 30. Rd1 Ng5 31. Qg3 Qxg3 32. hxg3 a5 33. Rd7 axb4 34. axb4 h5 35. Rxb7 Bxf6 36. exf6 Ra2 37. Be5 Nf3 0-1

[Event "WLS-ch"]
[Site "Cardiff"]
[Date "1994.??.??"]
[Round "?"]
[White "Williams, Arthur Howard"]
[Black "Evans, David K"]
[Result "1/2-1/2"]
[WhiteElo "2335"]
[BlackElo "1905"]
[PlyCount "29"]
[EventDate "1994.??.??"]
[EventType "swiss"]
[EventRounds "6"]
[EventCountry "WLS"]
[SourceTitle "EXT 2000"]
[Source "ChessBase"]
[SourceDate "1999.11.16"]
[SourceVersion "1"]
[SourceVersionDate "1999.11.16"]
[SourceQuality "1"]

1. d4 Nf6 2. c4 d6 3. Nf3 Nbd7 4. Nc3 e5 5. Bg5 Be7 6. e3 c6 7. Qc2 0-0 8. Bd3 h6 9. Bh4 Re8 10. 0-0 Qc7 11. Rad1 a6 12. b4 exd4 13. exd4 Nb6 14. Rde1 Bg4 15. Nd2 1/2-1/2

[Event "WLS-ch"]
[Site "Ogmore by Sea"]
[Date "1992.??.??"]
[Round "1"]
[White "Evans, CB."]
[Black "Evans, David K"]
[Result "1-0"]
[WhiteElo "1830"]
[BlackElo "2050"]
[PlyCount "53"]
[EventDate "1992.04.??"]
[EventType "swiss"]
[EventRounds "7"]
[EventCountry "WLS"]
[SourceTitle "EXT 2003"]
[Source "ChessBase"]
[SourceDate "2002.11.25"]
[SourceVersion "1"]
[SourceVersionDate "2002.11.25"]
[SourceQuality "1"]

1. g3 Nf6 2. Bg2 d6 3. d3 e5 4. Nd2 c6 5. c3 g6 6. e4 Bg7 7. Ne2 0-0 8. Nc4 Qc7 9. Ne3 Nbd7 10. 0-0 b6 11. Qc2 Bb7 12. f4 exf4 13. gxf4 Rae8 14. Ng3 h5 15. Bd2 Ba6 16. Rae1 Nc5 17. c4 Ne6 18. Bc3 Bc8 19. e5 dxe5 20. fxe5 Ng4 21. Nxg4 hxg4 22. Ne4 Qe7 23. Qf2 g5 24. Nf6+ Bxf6 25. exf6 Qc5 26. d4 Qxc4 27. Qf5 1-0

[Event "WLS-ch"]
[Site "Newport"]
[Date "1985.??.??"]
[Round "1"]
[White "Cunningham, Phil"]
[Black "Evans, David K"]
[Result "1-0"]
[WhiteElo "2245"]
[BlackElo "1875"]
[PlyCount "169"]
[EventDate "1985.??.??"]
[EventType "tourn"]
[EventRounds "7"]
[EventCountry "WLS"]
[SourceTitle "EXT 2002"]
[Source "ChessBase"]
[SourceDate "2001.11.25"]
[SourceVersion "1"]
[SourceVersionDate "2001.11.25"]
[SourceQuality "1"]

1. Nf3 Nf6 2. d4 d5 3. c4 dxc4 4. e3 Bg4 5. Bxc4 e6 6. h3 Bh5 7. 0-0 Nbd7 8. Nc3 Bd6 9. e4 e5 10. g4 Bg6 11. dxe5 Nxe5 12. Nxe5 Bxe5 13. f4 Qd4+ 14. Qxd4 Bxd4+ 15. Kh2 Bxc3 16. bxc3 Bxe4 17. g5 Bd5 18. Re1+ Kf8 19. Ba3+ Kg8 20. gxf6 Bxc4 21. Re7 h5 22. Rxc7 b5 23. Rg1 Rh7 24. Rg2 a6 25. Bd6 Be6 26. a3 g6 27. Re7 Bf5 28. Rge2 Rh8 29. R2e3 Rd8 30. Ra7 Rd7 31. Re7 Rxa7 32. Rxa7 Be6 33. Rxa6 Kh7 34. Rb6 Rd8 35. h4 Bc4 36. Kg2 Rc8 37. Kf2 Bd3 38. Be5 Ra8 39. Ke3 Bc4 40. Bd6 Re8+ 41. Be7 Rc8 42. Kd4 Bf1 43. Bc5 Rd8+ 44. Rd6 Re8 45. Rd7 Kg8 46. Bd6 Rc8 47. Bb4 Rc4+ 48. Ke3 Rc6 49. Rd8+ Kh7 50. Kf2 Bc4 51. Rd6 Rc8 52. Ke3 Bf1 53. Rd7 Kg8 54. Kd2 Bc4 55. Be7 Be6 56. Rb7 Bc4 57. Ra7 Bb3 58. Ra6 Kh7 59. Rd6 Kg8 60. Rd4 Bc4 61. Re4 Rc6 62. Rd4 Rc8 63. Rd7 Be6 64. Ra7 Bb3 65. Ra5 Rb8 66. Ke3 Kh7 67. Kd4 Kg8 68. Kc5 Ba4 69. Kd5 Bd1 70. Kd6 Bf3 71. Kc7 Rb7+ 72. Kc8 Rb6 73. Ra7 Rc6+ 74. Rc7 Ra6 75. Kd8 Bg4 76. Rb7 Rc6 77. Rb8 Kh7 78. Ke8 Kg8 79. Bd6 Be6 80. Ke7+ Kh7 81. Rxb5 Rxc3 82. a4 Rd3 83. Re5 Rb3 84. Rxe6 Rb7+ 85. Ke8 1-0